000 00456nam a2200169 4500
001 7565
005 20230410101839.0
008 060907n1989 dr spa
035 _9funglode7629
041 _aES
050 1 4 _a118 BX 3604 L333p 1989
100 _aLarraƱaga, Ignacio
245 1 3 _aEl pobre de Nazaret /
_cIgnacio LarraƱaga
260 _aSanto Domingo :
_bSusaeta Ediciones - CEFEPAL,
_c1989
300 _a317 p.
942 _2lcc
_cbk
999 _c14929
_d14929